000 00593nam a2200169 i 4500
001 95812
003 ES-MaACL
005 20230906181757.0
007 t|
008 050606s1968 sp ||||1| spa d
100 1 _aMcCloskey, Joseph F.
_979531
245 1 0 _aIntroducción a la investigación operativa /
_cbajo la dirección de Joseph F. Mc Closkey y Florence N. Trefethen; [traducción y adaptación por Enrique Muñoz Plaza].
260 _aBarcelona :
_bMiracle,
_c1968.
300 _a346 p. ;
_c22 cm.
700 1 _aTrefethen, Florence N.
_9111276
852 _aES-MaACL
_jC-35548
_bR.68680
999 _c95812
_d95812